مع البيئة / (Record no. 69469)

MARC details
000 -LEADER
fixed length control field 00620nam a22002057a 4500
005 - DATE AND TIME OF LATEST TRANSACTION
control field 20251108172048.0
008 - FIXED-LENGTH DATA ELEMENTS--GENERAL INFORMATION
fixed length control field 250721s9999 xx 000 0 ara d
082 14 - DEWEY DECIMAL CLASSIFICATION NUMBER
Classification number ط/372.21/مع
100 1# - MAIN ENTRY--PERSONAL NAME
Personal name خليل، نضال
Relator term رسام
245 10 - TITLE STATEMENT
Title مع البيئة /
264 1# - PRODUCTION, PUBLICATION, DISTRIBUTION, MANUFACTURE, AND COPYRIGHT NOTICE
Place of production, publication, distribution, manufacture حلب :
Name of producer, publisher, distributor, manufacturer دار القلم العربي،
Date of production, publication, distribution, manufacture, or copyright notice [19-].
300 ## - PHYSICAL DESCRIPTION
Extent [10 ص]
490 0# - SERIES STATEMENT
Series statement (نصائح تربوية للأطفال ؛ 4)
650 17 - SUBJECT ADDED ENTRY--TOPICAL TERM
Topical term or geographic name as entry element التلوث
650 17 - SUBJECT ADDED ENTRY--TOPICAL TERM
Topical term or geographic name as entry element البيئة
650 17 - SUBJECT ADDED ENTRY--TOPICAL TERM
Topical term or geographic name as entry element صحة البيئة
653 ## - INDEX TERM--UNCONTROLLED
Uncontrolled term أطفال ما قبل المدرسة ( 6 - 9 سنوات )
942 ## - ADDED ENTRY ELEMENTS (KOHA)
Source of classification or shelving scheme Dewey Decimal Classification
Koha item type Books
Holdings
حالة السحب حالة الفقدان مصدر التصنيف حالة التلف غير قابل للإعارة المكتبة الرئيسية المكتبة الحالية موقع الرف تاريخ التزويد الرقم المتسلسل Total Checkouts رقم الإستدعاء الباركود تاريخ آخر ظهور تاريخ الفاتورة نوع المادة (كوها)
    Dewey Decimal Classification     مكتبة البشائر للأطفال مكتبة البشائر للأطفال الإعارة 13/06/2015 626715   ط/372.21/مع PLD00330830 28/07/2025 13/06/2015 Books
    Dewey Decimal Classification     مكتبة عدن للأطفال مكتبة عدن للأطفال الأطفال 28/07/2025 1581624   ط/372.21/مع PLD00258148 28/07/2025 28/07/2025 Books
Implemented & Customized by: BBB with SCIT (Smart Chains for Information Technology)

Powered by Koha